Artistas musicales de Colombia - Estadísticas

Estadísticas generales
  • Esta prueba ha sido intentada 2.311 veces
  • La puntuación promedio es 10 de 18
Estadísticas de respuestas
Canciones Artista % Correcto
«Hips don't lie» | «TQG» Shakira
96%
«Provenza» | «Tusa» Karol G
94%
«Mi gente» | «Ginza» J Balvin
85%
«La bicicleta» | «Robarte un beso» Carlos Vives
81%
«Según quién» | «Hawái» Maluma
81%
«La camisa negra» | «Me enamora» Juanes
78%
«Feliz cumpleaños, Ferxxo» | «Hey, mor» Feid
74%
«Tacones rojos» | «Vagabundo» Sebastián Yatra
71%
«Vida de rico» | «Kesi» Camilo
68%
«Soy yo» | «To my love» | «Ojitos lindos» Bomba Estéreo
33%
«Tú no eres para mí» | «No te pido flores» Fanny Lu
33%
«Gotas de lluvia» | «Sin sentimientos» Grupo Niche
30%
«Cásate conmigo» | «Niégame tres veces» Silvestre Dangond
30%
«En Barranquilla me quedo» | «La noche» Joe Arroyo
29%
«Te mando flores» | «Simples corazones» Fonseca
28%
«Bolero falaz» | «Baracunatana» | «Sortilegio» Aterciopelados
22%
«Pa' lante» | «Niña bonita» | «Ingenuidad» Maía
13%
«Yo voy ganao» | «El botón del pantalón» Systema Solar
11%
No se encontraron pruebas coincidentes
Distribución de puntuación
Porcentaje de gente con cada puntuación
Porcentaje por número respondido
Historial de tus puntuaciones
No has intentado esta prueba.